Spouses in Common II Quiz Stats

 Plays Quiz Updated Aug 13, 2019

Score 0/26 Timer 07:00
0 Plays Today
Spouse/Partner A Spouse in Common % Correct
Nicole KidmanTom Cruise
95.7%
Sean PennMadonna
82.3%
Sonny BonoCher
78.4%
Diana SpencerPrince Charles
64%
Dennis RodmanCarmen Electra
63%
Bill PentlandRoseanne Barr
59.7%
Tommy MottolaMariah Carey
59.6%
Whoopi GoldbergTed Danson
47.4%
Tom HaydenJane Fonda
43.1%
Charles HamiltonScarlett O'Hara
39.2%
Vincent MinnelliJudy Garland
33.4%
Emily WalthamRoss Geller ('Friends')
32.5%
Jane SeymourHenry VIII
30.2%
Spouse/Partner A Spouse in Common % Correct
Humphrey BogartLauren Bacall
29.8%
Diane ChambersSam Malone ('Cheers')
26.6%
Betty CooperArchie Andrews
25%
Gwen StaceyPeter Parker
23.8%
Carrie FisherPaul Simon
23.2%
Paulette GoddardCharlie Chaplin
18.2%
George HarrisonPatti Boyd ('Layla')
17.7%
Barbara HuttonCary Grant
15.7%
Angie DickinsonBurt Bacharach
12.1%
EdgeAmy Dumas (Lita of WWE)
10.4%
Brigitte BardotRoger Vadim
5.6%
Katy JuradoErnest Borgnine
4.7%
Ali McGrawRobert Evans
3.5%

You're not logged in!

Compare scores with friends on all Sporcle quizzes.
OR
Log In

Sporcle TV

Today on Sporcle TV


Watch our educational content, quiz creation guides, and fun videos on Sporcle TV.

Show Comments

Extras

Top Quizzes Today


Score Distribution

Your Account Isn't Verified!

In order to create a playlist on Sporcle, you need to verify the email address you used during registration. Go to your Sporcle Settings to finish the process.

Report this User

Report this user for behavior that violates our Community Guidelines.

Details: